Wody graniczne - Statystyki

Ogólne statystyki
  • Ten quiz został rozwiązany 21 razy
  • Średni wynik to 14 z 20
Statystyki odpowiedzi
Miejsca Zbiornik wodny % Poprawnych
Ukraina - Turcja Morze {Czarne}
100%
Egipt - Arabia Saudyjska Morze {Czerwone}
95%
Szwecja - Estonia Morze {Bałtyckie}
90%
Arabia Saudyjska - Iran Zatoka {Perska}
90%
Brytania - Norwegia Morze {Północne}
81%
Włochy - Chorwacja Morze {Adriatyckie}
76%
Panama - Jamajka Morze {Karaibskie}
76%
Floryda - Teksas Zatoka {Meksykańska}
76%
Alaska - Rosja Morze {Beringa}
71%
Grecja - Turcja Morze {Egejskie}
71%
Kazachstan - Iran Morze {Kaspijskie}
71%
Brytania - Francja La Manche
67%
Oman - Indie Morze {Arabskie}
67%
Indie - Mjanma Zatoka {Bengalska}
67%
Filipiny - Chiny Morze {Południowochińskie}
62%
Nowa Zelandia - Australia Morze {Tasmana}
57%
Francja - Hiszpania Zatoka {Biskajska}
57%
Jemen - Somalia Zatoka {Adeńska}
43%
Manitoba - Quebec Zatoka {Hudsona}
43%
Ohio - Ontario Erie
29%
Nie znaleziono quizów pasujących do podanych kryteriów
Rozkład punktacji
Procent ludzi z każdym wynikiem
Percentyl według liczby udzielonych odpowiedzi
Twoja historia wyników
Nie rozwiązałeś tego quizu